Női munkafüggőség a generációk tükrében
| Szerző: | |
|---|---|
| További közreműködők: | |
| Dokumentumtípus: | Záródolgozat |
| Kulcsszavak: | addikció generációk mentálhigiéné munkafüggőség nők |
| Online Access: | http://dolgozattar.uni-bge.hu/59883 |
MARC
| LEADER | 00000nta a2200000 i 4500 | ||
|---|---|---|---|
| 001 | dolg59883 | ||
| 005 | 20260409145709.0 | ||
| 008 | 260409suuuu hu o 000 hun d | ||
| 040 | |a BGE Dolgozattár Repozitórium |b hun | ||
| 041 | |a hu | ||
| 100 | 1 | |a Rózsa Eszter | |
| 245 | 1 | 0 | |a Női munkafüggőség a generációk tükrében |c Rózsa Eszter |h [elektronikus dokumentum] |
| 516 | |a Final_paper | ||
| 520 | 3 | |a Dolgozatom célja az volt, hogy feltárjam, milyen mértékben jelenik meg a munkafüggőség különböző generációk női munkavállalói körében, valamint hogy milyen társadalmi és pszichológiai tényezők járulnak hozzá a kialakulásához. Emellett arra kerestem választ, milyen hatást gyakorol a munkafüggőség a nők mentális jóllétére, kiégési kockázatára és a munka–magánélet egyensúlyára. A kérdőíves vizsgálat során 150 aktív női munkavállaló válaszait dolgoztam fel, akik az X, Y és Z generációhoz tartoztak. A mérés során validált pszichológiai eszközöket alkalmaztam, többek között a BWAS, a Maslach Burnout Inventory, a WHO jólléti skála, valamint a COPSOQ II munkahelyi stressz, elégedettség és elköteleződés skáláit, illetve saját szociodemográfiai kérdéseket is beépítettem. Az eredmények alapján a mintában az Y generáció tagjai körében jelent meg a legnagyobb arányban a munkafüggőség (39,2%), valamint náluk volt a legmagasabb az érzelmi kimerültség szintje is. Az X generációban alacsonyabb munkafüggőségi arány mellett erőteljesebb elidegenedés (deperszonalizáció) és csökkent személyes hatékonyság jelentkezett, míg a Z generáció fiatal kora ellenére szintén érintettnek mutatkozott, különösen a mentális jóllét alacsony szintje és a magas stressz miatt.A munkahelyi szektor szerinti bontásban a mintában a legtöbb a munkafüggő a versenyszférában dolgozott, és itt jelentkezett a legmagasabb kiégési szint is. A nonprofit szektorban mérsékeltebb pszichés megterhelés mutatkozott, a közszféra és a vállalkozói szféra köztes képet rajzolt. A munka–magánélet egyensúly megélésében a mintában a munkafüggő válaszadók minden generációban nehézségekről számoltak be, különösen a heti 40 órát meghaladó munkavégzés esetén. A rugalmas munkavégzés és a home office hatása élethelyzetfüggőnek bizonyult: míg a gyermeket nevelők számára pozitívabb egyensúlyélményt nyújtott, a gyermekteleneknél inkább a határok elmosódását és a túlmunka fokozódását eredményezte. Összességében megállapítható, hogy a munkafüggőség nem pusztán a túlmunka következménye, hanem egy komplex pszichoszociális jelenség, amely szorosan összefügg a lelki egyensúllyal, az önmeghatározással és a társadalmi-szerepelvárásokhoz való alkalmazkodással. Mentálhigiénés szempontból különösen fontos lenne olyan preventív, támogató és edukatív programok kialakítása, amelyek segítik a női munkavállalókat a határtartásban, az érzelmi önszabályozásban, a szerepkonfliktusok kezelésében és a munka–magánélet egyensúlyának megőrzésében. Ugyanakkor nem elegendő kizárólag az egyént támogatni: a munkafüggőség visszaszorításához elengedhetetlen a munkahelyi környezet – különösen a vezetők, a céges kultúra és a szervezeti attitűdök – érzékenyítése és edukációja is. A társas és szervezeti szinten megvalósuló tudatosság nélkül az egyéni változások csak részben lehetnek hatékonyak, ezért átfogó szemléletváltásra van szükség a mentális egészség fenntarthatósága érdekében. | |
| 695 | |a addikció | ||
| 695 | |a generációk | ||
| 695 | |a mentálhigiéné | ||
| 695 | |a munkafüggőség | ||
| 695 | |a nők | ||
| 700 | 1 | |a Nagy Zsolt György |e ths | |
| 856 | 4 | 0 | |u http://dolgozattar.uni-bge.hu/59883/1/R%C3%B3zsa%20Eszter%20szakdolgozat%20-%20%20N%C5%91i%20munkaf%C3%BCgg%C5%91s%C3%A9g%20a%20gener%C3%A1ci%C3%B3k%20t%C3%BCkr%C3%A9ben.pdf |z Dokumentum-elérés |
| 856 | 4 | 0 | |u http://dolgozattar.uni-bge.hu/59883/2/R%C3%B3zsa%20Eszter_b%C3%ADr%C3%A1lat.pdf |z Dokumentum-elérés |
| 856 | 4 | 0 | |u http://dolgozattar.uni-bge.hu/59883/3/R%C3%B3zsa%20Eszter%20b%C3%ADr%C3%A1lat%20MH.pdf |z Dokumentum-elérés |